| 000 | 00511nam a2200145 a 4500 | ||
|---|---|---|---|
| 008 | 120416s1989 ||||||||||||||||| || u | ||
| 050 | _aQA 76.73.P2 O'br | ||
| 100 | _aO'brien, Stephen K | ||
| 245 | 1 | 0 | _aTurbo PASCAL 5.5 |
| 246 | _athe complete reference | ||
| 260 |
_aBerkeley _bOsborne McGraw-Hill _c1989 |
||
| 300 | _axiv, 917p. : ill. | ||
| 350 | _a0.00 | ||
| 995 |
_D0.00 _FCBU-MAIN LIBRARY (Kitwe) _H1 _I26.95 _UDAMAGED _ZMain Library Open Access Collection |
||
| 999 |
_c60492 _d60492 |
||